000 00745nam a22002177a 4500
005 20240530110926.0
008 220214s2007 ua g 000 p ara d
017 _bمصر. دار الكتب
_a2007/11367
020 _a9774373480
040 _aEG-CaGPL
_cEG-CaGPL
082 0 4 _221
_a811.09/
_bع م
100 0 _aعلاء عبدالهادى
245 1 0 _aمهمل :
_bتستدلون عليه بظل /
_cعلاء عبدالهادى
250 _aط. 1
260 _aالقاهرة :
_bوزارة الثقافة : الهيئة العامة لقصور الثقافة ،
_c2007
300 _a210 ص. ؛
_c20 سم
650 0 7 _2qrmak
_aالشعر العربى
651 _2qrmak
942 _2ddc
_cBK
999 _c66564
_d66564